Países Más Septentrionales - Estadísticas

Estadísticas generales
  • Esta prueba ha sido intentada 4.171 veces
  • La puntuación promedio es 19 de 20
Estadísticas de respuestas
° Norte País % Correcto
83°06' Canadá
99%
80°49' Noruega
99%
81°51' Rusia
99%
71°23' Estados Unidos
98%
70°05' Finlandia
98%
69°04' Suecia
98%
57°45' Dinamarca
97%
59°48' Estonia
96%
67°08' Islandia
95%
58°05' Letonia
95%
56°27' Lituania
95%
60°51' Reino Unido
94%
55°03' Alemania
93%
54°50' Polonia
93%
55°26' Irlanda
90%
56°08' Bielorrusia
89%
53°32' Países Bajos
87%
55°06' Kazajistán
79%
52°22' Ucrania
79%
53°34' China
76%
No se encontraron pruebas coincidentes
Distribución de puntuación
Porcentaje de gente con cada puntuación
Porcentaje por número respondido
Historial de tus puntuaciones
No has intentado esta prueba.